| 000 | 00395nam a2200157 i 4500 | ||
|---|---|---|---|
| 001 | bg | ||
| 245 | 0 |
_aDynamics of rotating machinery : _bproceedings symposium on transport...ngineering.3. |
|
| 260 |
_aNew York, _c1990. |
||
| 020 | _a1560320141 | ||
| 040 | _cBPK | ||
| 041 | _apol | ||
| 080 | _a621.1 | ||
| 920 | _a1-56032-014-1 | ||
| 942 | _cKS | ||
| 008 | s pl f |000 0 pol | ||
| 999 |
_c29068 _d29068 |
||
| 856 |
_uhttp://koha.tu.koszalin.pl/cgi-bin/koha/opac-detail.pl?biblionumber=29068 _yKatalog online BPK |
||